000 004860000a22001810004500
003 MACL
005 20160119170241.0
008 160119b xxu||||| |||| 00| 0 eng d
040 _aMACL
_cMACL
041 _aEnglish
082 _a005.43/DEI
100 _aDeikman, Alan
_933358
245 _aUnix Programming On The 80286 80386
_bSecond Edition
260 _bBPB Publication
_c1989
_aNew Delhi
350 _a120
650 _aComputer Programming
_920374
942 _cBK
_k005.43/DEI
_2ddc
999 _c31180
_d31180